000 00459nam a2200169Ia 4500
008 220531s9999 xx 000 0 und d
041 _aeng
082 _bSTA / DRI
100 _aDrishti Stree Adhyayan Prabodhan Kendra
_985641
245 _aStatus of Women in India
260 _aPune
_bDrishti Abhyas Adhyayan Kendra
_c2019
300 _a72
542 _d29-01-2020
650 _aSociology
_985642
906 _d2019-2020
_f18385
999 _c47065
_d47065